Maximiliano íntimo (Record no. 2633)
[ view plain ]
| 000 -CABECERA | |
|---|---|
| campo de control de longitud fija | 00682nam a2200205 a 4500 |
| 001 - NÚMERO DE CONTROL | |
| campo de control | BRCA_2894 |
| 005 - FECHA Y HORA DE LA ÚLTIMA TRANSACCIÓN | |
| campo de control | 20190320204022.0 |
| 008 - DATOS DE LONGITUD FIJA--INFORMACIÓN GENERAL | |
| campo de control de longitud fija | 111208s1905----mx-a---###---#000-0#spa-u |
| 050 #4 - SIGNATURA TOPOGRÁFICA DE LA BIBLIOTECA DEL CONGRESO | |
| Número de clasificación | F1233 |
| Número de documento/Ítem | .B53M39 1905 |
| 100 1# - ENTRADA PRINCIPAL--NOMBRE DE PERSONA | |
| Nombre de persona | Blasio, José Luis |
| 9 (RLIN) | 8059 |
| 245 10 - MENCIÓN DE TÍTULO | |
| Título | Maximiliano íntimo |
| Resto del título | el emperador Maximiliano y su corte, memorias de un secretario particular |
| Mención de responsabilidad, etc. | José Luis Blasio. |
| 260 ## - PUBLICACIÓN, DISTRIBUCIÓN, ETC. | |
| Lugar de publicación, distribución, etc. | Paris ; México |
| Nombre del editor, distribuidor, etc. | Vda. de C. Bouret |
| Fecha de publicación, distribución, etc. | 1905 |
| 300 ## - DESCRIPCIÓN FÍSICA | |
| Extensión | 478 p. |
| Otras características físicas | il. |
| Dimensiones | 19 cm. |
| 500 ## - NOTA GENERAL | |
| Nota general | Incluye índice temático y apéndice. |
| 500 ## - NOTA GENERAL | |
| Nota general | B30 |
| 600 14 - PUNTO DE ACCESO ADICIONAL DE MATERIA--NOMBRE DE PERSONA | |
| Nombre de persona | Maximiliano |
| Títulos y otros términos asociados al nombre | Emperador de México |
| Fechas asociadas al nombre | 1832-1867 |
| 9 (RLIN) | 4582 |
| 651 #4 - PUNTO DE ACCESO ADICIONAL DE MATERIA--NOMBRE GEOGRÁFICO | |
| Nombre geográfico | México |
| Subdivisión general | Historia |
| 9 (RLIN) | 614 |
| 902 ## - CATALOGADOR | |
| Iniciales | GFM |
| 942 ## - ELEMENTOS DE PUNTO DE ACCESO ADICIONAL (KOHA) | |
| Fuente del sistema de clasificación o colocación | Library of Congress Classification |
| Tipo de ítem Koha | Libros |
| Estado de retiro | Estado de pérdida | Estado dañado | No para préstamo | Localización permanente | Ubicación/localización actual | Fecha de adquisición | Número de inventario | Total de préstamos | Signatura topográfica completa | Código de barras | Fecha visto por última vez | Precio válido a partir de | Tipo de ítem Koha |
|---|---|---|---|---|---|---|---|---|---|---|---|---|---|
| El ejemplar forma parte de la colección y puede ser consultado según las políticas vigentes. | Biblioteca del Museo Franz Mayer (Rogerio Casas-Alatriste) | Biblioteca del Museo Franz Mayer (Rogerio Casas-Alatriste) | 11/12/2008 | B30 | F1233 .B53M39 1905 (B30) | 2891 | 22/03/2019 | 22/03/2019 | Libros |